Block copolymers : overview and critical survey /

Guardado en:
Autor Principal: Noshay, Allen.
Otros Autores: McGrath, James E.
Formato: Libro
Idioma:English
Publicado: New York : Academic Press, 1977.
Materias:
Etiquetas: Agregar Etiqueta
Sin Etiquetas, Sea el primero en etiquetar este registro!
LEADER 00719cam a22002175a 4500
001 EIQ.libpla003720
008 760608s1977####nyua#####b####001#0#eng#d
005 20080305171800.0
245 1 0 |a Block copolymers :  |b overview and critical survey /  |c Allen Noshay and James E. McGrath. 
260 |a New York :  |b Academic Press,  |c 1977. 
300 |a xvi, 516 p. :  |b il. ;  |c 24 cm. 
504 |a Incluye referencias bibliográficas e índices. 
020 |a 0125217501 
100 1 |a Noshay, Allen. 
700 1 |a McGrath, James E. 
082 0 0 |a 547/.84 
650 4 |a Polímeros  |x Copolímeros. 
650 4 |a Polymers  |x Copolymers. 
010 |a  75044758  
040 |a DLC  |c DLC  |d AR-BbSID 
859 |a AR-BbSID  |b BIB. PLAPIQUI  |h 547.84  |i N 84  |p 643